Statistiken für Länder Flagge + Umriss Quiz #7

Klicken Sie hier um das Quiz zu spielen!

Allgemein

  • Dieses Quiz wurde 11.359 mal gespielt
  • Das Durchschnittsergebnis liegt bei 11 aus 16

Antwortstatistiken

Antwort% Korrekt
Portugal
98%
Österreich
95%
Estland
93%
Nordmazedonien
90%
Georgien
88%
Thailand
85%
Kolumbien
82%
Afghanistan
74%
Benin
61%
Tschad
61%
Sudan
60%
Dominikanische Republik
59%
Botswana
54%
Lesotho
50%
Grenada
33%
Malediven
33%

Verteilung der Resultate

Perzentil nach korrekt beantworteten Fragen

Anzahl Personen mit jedem Resultat

Ihre Resultats-Entwicklung

Sie haben dieses Quiz noch nicht gespielt